Online
Catalog

La responsabilidad social de la prensa / (Record no. 25933)

MARC details
000 -CABECERA
campo de control de longitud fija 01186cam a2200253 a 4500
001 - NÚMERO DE CONTROL
campo de control 000026441
005 - FECHA Y HORA DE LA ÚLTIMA TRANSACCIÓN
campo de control 20200930030226.0
008 - DATOS DE LONGITUD FIJA--INFORMACIÓN GENERAL
campo de control de longitud fija 990518s1965 sp 000 f spa d
040 ## - FUENTE DE LA CATALOGACIÓN
Centro catalogador/agencia de origen DO-SdBNP
Lengua de catalogación spa
Centro/agencia transcriptor BNPHU
041 17 - CÓDIGO DE LENGUA
Código de lengua del texto/banda sonora o título independiente spa
Código de lengua original eng
Fuente del código Código de idioma MARC
082 ## - NÚMERO DE LA CLASIFICACIÓN DECIMAL DEWEY
Número de clasificación xxx
Número de documento/Ítem G354r
049 ## - FONDOS LOCALES (OCLC)
Fondos de biblioteca BNGR
100 1# - ENTRADA PRINCIPAL--NOMBRE DE PERSONA
Nombre de persona Gerald, J. Edward
9 (RLIN) 53491
240 10 - TÍTULO UNIFORME
Título uniforme The social responsability of the press.
Lenguaje de la obra Español.
245 13 - MENCIÓN DE TÍTULO
Título La responsabilidad social de la prensa /
Mención de responsabilidad, etc. J. Edward Gerald ; versión española de R. F. Arzac.
260 ## - PUBLICACIÓN, DISTRIBUCIÓN, ETC.
Lugar de publicación, distribución, etc. México, D. F. :
Nombre del editor, distribuidor, etc. Libreros Mexicanos Unidos,
Fecha de publicación, distribución, etc. 1965.
300 ## - DESCRIPCIÓN FÍSICA
Extensión 328, p. ;
Dimensiones 20 cm.
490 1# - MENCIÓN DE SERIE
Mención de serie El mundo de hoy
504 ## - NOTA DE BIBLIOGRAFÍA, ETC.
Nota de bibliografía, etc. Incluye referencias bibliográficas y notas
505 0# - NOTA DE CONTENIDO CON FORMATO
Nota de contenido con formato Naturaleza de la difusión popular -- El periodismo como negocio en gran escala -- El hogar natural de la prenza -- El papel que representa el propietario -- El contenido de la difusión popular -- La nueva comunidad de la libertad -- La organización profesional de los practicantes de la difusión popular
534 ## - NOTA SOBRE LA VERSIÓN ORIGINAL
Frase introductoria Título original:
Mención de título del original The social responsability of the press.
700 1# - PUNTO DE ACCESO ADICIONAL--NOMBRE DE PERSONA
Nombre de persona Arzac, R. F.
Término indicativo de función/relación tr.
9 (RLIN) 53492
830 #0 - PUNTO DE ACCESO ADICIONAL DE SERIE-TÍTULO UNIFORME
Título uniforme El mundo de hoy
9 (RLIN) 49979
Holdings
Estado de retiro Estado de pérdida Restricciones de uso No para préstamo Código de colección Localización permanente Ubicación/localización actual Ubicación en estantería Fecha de adquisición Número de inventario Total de préstamos Signatura topográfica completa Código de barras Fecha visto por última vez Precio válido a partir de Tipo de ítem Koha
        Monografías: Libros y Folletos General General En catalogación 17.03.2011 LF1   xxx G354r 26441-10 25.06.2020 25.06.2020 Préstamo en sala

Powered by Koha